[Event "Cannes Open A"]
[Site "Cannes France"]
[EventDate "2007.02.18"]
[Date "2007.02.19"]
[Round "2"]
[White "VINSOT, Robin Gael"]
[WhiteTitle "-"]
[WhiteElo "2165"]
[Black "FORTINO, Fabrizio"]
[BlackTitle "-"]
[BlackElo "2076"]
[Result "1-0"]
[Source "MonRoi"]

1. d4 Nf6 2. c4 e6 3. Nf3 b6 4. a3 Bb7 5. Nc3 Be7 6. Qc2 d5 7. cxd5 exd5 8. Bf4 c6 9. e3 O-O 10. Bd3 Nbd7 11. O-O Re8 12. Rac1 Nf8 13. Ne5 Ne6 14. Bg3 Rf8 15. Ne2 c5 16. f3 g6 17. Bb5 Rc8 18. Qd2 Nh5 19. Bf2 Rc7 20. Rfd1 a6 21. Ba4 f5 22. Nd3 b5 23. Bc2 c4 24. Ne5 f4 25. exf4 Nhxf4 26. Nxf4 Nxf4 27. Be3 Ne6 28. f4 Ng7 29. Rf1 c3 30. bxc3 Bxa3 31. Rb1 Qc8 32. Rb3 b4 33. Qd3 a5 34. Nxg6 Ba6 35. Ne7 Kf7 36. Qxh7 Qe6 37. Bg6 Kxe7 38. Qxg7 Rf7 39. Qxf7 Qxf7 40. Bxf7 Kxf7 41. Ra1 Bc4 42. Rbxa3 bxa3 43. Rxa3 Ra7 44. Kf2 a4 45. g4 Bb3 46. f5 Rc7 47. Bd2 Kf6 48. Ra1 Rh7 49. Kg3 Bc2 50. h4 Rb7 51. Kf4 Rh7 52. g5 Ke7 53. f6 Kf7 54. Kg4 Kg6 55. Rh1 Bf5 56. Kf4 Be6 57. Ke5 Bg8 58. Bc1 Rh5 59. Ba3 Rh7 60. Be7 Rh5 61. Bf8 Rh7 62. Bh6 Kh5 63. Bf8 Kg6 64. Bb4 Rh5 65. Ba3 Rh7 66. Kf4 Be6 67. Kg3 Bf5 68. Be7 Rh8 69. h5  1-0

[Event "Cannes Open A"]
[Site "Cannes France"]
[EventDate "2007.02.18"]
[Date "2007.02.19"]
[Round "2"]
[White "DELABACA, Romuald"]
[WhiteTitle "-"]
[WhiteElo "2160"]
[Black "CAROFF, Frederic"]
[BlackTitle "-"]
[BlackElo "2073"]
[Result "0-1"]
[Source "MonRoi"]

1. e4 c5 2. Nf3 d6 3. d4 cxd4 4. Nxd4 Nf6 5. Nc3 a6 6. g3 e5 7. Nb3 Be6 8. Bg2 Nbd7 9. a4 Rc8 10. O-O Be7 11. Bd2 Nb6 12. a5 Nc4 13. Bc1 O-O 14. Re1 Qc7 15. Qd3 Rfd8 16. Nd5 Nxd5 17. exd5 Bd7 18. Bf1 f5 19. Qc3 Bf6 20. Qb4 e4 21. c3 Ne5 22. Kg2 Nf3 23. Rd1 Be8 24. Be3 Qf7 25. Nd2 Ne5 26. Nc4 Nxc4 27. Bxc4 Be5 28. Bf1 Qe7 29. Bb6 Rd7 30. Be2 Bg6 31. Qa4 Qf7 32. Kg1 Re7 33. f4 exf3 34. Bxf3 Bh5 35. Rf1 Bxf3 36. Rxf3 Qxd5 37. Raf1 g6 38. Qh4 Qe6 39. Be3 Rc4 40. Qg5 Bf6 41. Qh6 Bg7 42. Qh3 Re4 43. Bg5 Re8 44. Rd3 Re2 45. Rfd1 Bf8 46. b4 Qa2 47. Rf3 Re1 48. Rxe1 Rxe1 49. Rf1 Qa1 50. Bd2 Rxf1 51. Qxf1 Qxf1 52. Kxf1 Kf7 53. Ke2 Ke6 54. Kd3 Kd5 55. Be3 Bg7 56. Bd2 Bf6 57. Be3 g5 58. Bd2 h5 59. Be3 g4 60. Bd2 h4 61. c4 Ke6 62. Be1 hxg3 63. hxg3 Be5 64. Bf2 f4 65. gxf4 Bxf4 66. Bg1 Bg3 67. c5 Be1 68. Kc4 g3  0-1

[Event "Cannes Open A"]
[Site "Cannes France"]
[EventDate "2007.02.18"]
[Date "2007.02.19"]
[Round "2"]
[White "HAUSEUX, Philippe"]
[WhiteTitle "-"]
[WhiteElo "2061"]
[Black "DIOTALLEVI, Maurizio"]
[BlackTitle "-"]
[BlackElo "2154"]
[Result "1/2-1/2"]
[Source "MonRoi"]

1. e4 e6 2. d4 d5 3. exd5 exd5 4. Bd3 Nc6 5. c3 Bd6 6. Qf3 Nge7 7. Bf4 Be6 8. Ne2 f6 9. O-O Ng6 10. Bxg6 hxg6 11. Qg3 g5 12. Bxd6 Qxd6 13. Qxd6 cxd6 14. f4 gxf4 15. Nxf4 Bf7 16. Nd2 Kd7 17. Rfe1 g5 18. Nd3 Bg6 19. Nf2 Bf5 20. Re3 Be6 21. Rae1 Rae8 22. Nf1 f5 23. Rh3 f4 24. Rxh8 Rxh8 25. g3 fxg3 26. Nxg3 Ne7 27. Re3 Ng6 28. Ne2 Nh4 29. Ng3 g4 30. Nf1 Nf3 31. Kg2 Nh4 32. Kg1  1/2-1/2

[Event "Cannes Open A"]
[Site "Cannes France"]
[EventDate "2007.02.18"]
[Date "2007.02.19"]
[Round "2"]
[White "KIRSCH, Alain"]
[WhiteTitle "-"]
[WhiteElo "2042"]
[Black "LELIMOUSIN, Vincent"]
[BlackTitle "-"]
[BlackElo "2142"]
[Result "1/2-1/2"]
[Source "MonRoi"]

1. d4 Nf6 2. Nf3 c5 3. d5 e6 4. Nc3 d6 5. e4 Be7 6. Bb5 Bd7 7. dxe6 fxe6 8. e5 dxe5 9. Nxe5 O-O 10. Nxd7 Nfxd7 11. Bc4 Rf6 12. Qe2 Nf8 13. Bg5 Rg6 14. Bxe7 Qxe7 15. Nd5 Qf7 16. Ne3 Nc6 17. Qh5 Nd7 18. Bd3 Rf8 19. Ng4 Nd4 20. O-O Nf5 21. Rae1 Nf6 22. Nxf6 Qxf6 23. Bxf5 exf5 24. Qe2 b6 25. c3 f4 26. Qe7 Qf5 27. Qe4 Qg4 28. Qd5 Kh8 29. g3 h5 30. Re5 Rh6 31. Rg5 Qh3 32. Qg2 Qd7 33. Qd5 Qh3 34. Qg2 Qd7 35. Qd5 Qh3  1/2-1/2

[Event "Cannes Open A"]
[Site "Cannes France"]
[EventDate "2007.02.18"]
[Date "2007.02.19"]
[Round "2"]
[White "RYAN, Martin"]
[WhiteTitle "-"]
[WhiteElo "2024"]
[Black "BOZINOVIC, Boban"]
[BlackTitle "-"]
[BlackElo "2137"]
[Result "1/2-1/2"]
[Source "MonRoi"]

1. e4 c5 2. Nf3 d6 3. d3 g6 4. g3 Bg7 5. Bg2 Nc6 6. O-O e6 7. c3 Nge7 8. Re1 O-O 9. Nbd2 Qc7 10. Qe2 b6 11. a4 Ba6 12. Nc4 Rad8 13. Na3 Qd7 14. Qd1 Ne5 15. Nb5 Nxf3 16. Bxf3 Nc6 17. Bg2 Na5 18. Na3 Rfe8 19. Rb1 Nc6 20. h4 d5 21. exd5 exd5 22. Nb5 Rxe1 23. Qxe1 Ne5 24. d4 Nd3 25. Qd1 c4 26. Na3 Re8 27. Be3 h5 28. Qf3 Bb7 29. Nxc4 Re7 30. Nd2 Qxa4  1/2-1/2

[Event "Cannes Open A"]
[Site "Cannes France"]
[EventDate "2007.02.18"]
[Date "2007.02.19"]
[Round "2"]
[White "FERRIGNO, Jean Pierre"]
[WhiteTitle "-"]
[WhiteElo "2126"]
[Black "DI LAZZARO, Gabriele"]
[BlackTitle "-"]
[BlackElo "2010"]
[Result "1-0"]
[Source "MonRoi"]

1. b3 e5 2. Bb2 Nc6 3. Nf3 d6 4. d4 exd4 5. Nxd4 Bd7 6. g3 Nxd4 7. Qxd4 Bc6 8. f3 Nf6 9. Nc3 Qe7 10. O-O-O Qe5 11. e4 Qxd4 12. Rxd4 O-O-O 13. Bh3 Bd7 14. Bg2 Be7 15. Re1 Rhe8 16. Kb1 Bf8 17. f4 Ng8 18. h3 Ne7 19. Rdd1 Bc6 20. g4 f5 21. Bh1 fxg4 22. hxg4 Ng6 23. Bc1 Be7 24. g5 Rf8 25. Nd5 Rde8 26. Rf1 Bd8 27. Bf3 Ne7 28. Bh5 g6 29. Bg4 Kb8 30. Nf6 d5 31. e5 Bb5 32. Rh1 d4 33. Nxe8 Rxe8 34. Rxh7 c5 35. Bf3 Bc7 36. Rdh1 Kc8 37. Rh8 b6 38. a4 Bd7 39. e6  1-0

[Event "Cannes Open A"]
[Site "Cannes France"]
[EventDate "2007.02.18"]
[Date "2007.02.19"]
[Round "2"]
[White "SORCINELLI, Francesco"]
[WhiteTitle "-"]
[WhiteElo "2123"]
[Black "THEVENOT, Jeremie"]
[BlackTitle "-"]
[BlackElo "1985"]
[Result "1/2-1/2"]
[Source "MonRoi"]

1. e4 Nf6 2. Nc3 d5 3. e5 d4 4. exf6 dxc3 5. fxg7 cxd2 6. Bxd2 Bxg7 7. Qf3 Bxb2 8. Rd1 Nd7 9. Bc3 Bxc3 10. Qxc3 Rg8 11. Bd3 e6 12. Bxh7 Rxg2 13. Qh8 Ke7 14. Qd4 Qf8 15. Be4 Qg7 16. Nf3 Qxd4 17. Nxd4 Rg5 18. Bf3 Nf6 19. h4 Ra5 20. h5 c6 21. Rb1 Re5 22. Kf1 Ne4 23. Bxe4 Rxe4 24. c3 c5 25. Nb5 b6 26. h6 Bb7 27. Rh5 Ba6 28. h7 Bxb5 29. Rxb5 Rh8 30. f3 Rf4 31. Kf2 Kf6 32. Rb1 Kg7 33. Rg1 Kf8 34. Rd1 Rf6 35. Rd7 Kg7 36. Rxa7 Rxh7 37. Rxh7 Kxh7 38. a4 Kg6 39. Ke3 e5 40. Ra6 Kf5 41. Ra7 Ke6 42. Ra6 Kf5 43. Ra7 Kg6 44. Ra6 Re6 45. Ke4 Rf6 46. Ke3 Kf5  1/2-1/2

[Event "Cannes Open A"]
[Site "Cannes France"]
[EventDate "2007.02.18"]
[Date "2007.02.19"]
[Round "2"]
[White "BRONGERS, Henk"]
[WhiteTitle "-"]
[WhiteElo "1969"]
[Black "MALEKI, Nicolas"]
[BlackTitle "-"]
[BlackElo "2116"]
[Result "0-1"]
[Source "MonRoi"]

1. e4 e5 2. Nf3 Nc6 3. Bc4 Nf6 4. d4 exd4 5. e5 d5 6. Bb5 Ne4 7. Nxd4 Bd7 8. Bxc6 bxc6 9. O-O Be7 10. Nd2 Nxd2 11. Qxd2 c5 12. Nf3 Bf5 13. b3 O-O 14. c3 f6 15. Rd1 c6 16. Ba3 Bg4 17. Qe3 Bxf3 18. gxf3 fxe5 19. Qxe5 Bd6 20. Qh5 Qa5 21. Bb2 Rf6 22. c4 Rg6 23. Kh1 Bxh2 24. cxd5 Rh6 25. Qf5 Be5 26. Kg1 Bxb2 27. dxc6 Bxa1 28. Qd5 Kf8 29. c7 Qxc7 30. Qxa8 Ke7 31. Qe4 Re6 32. Qxh7 Bf6 33. Qf5 Qe5 34. Qd3 Rd6 35. Qb1 Rxd1 36. Qxd1 Qa1 37. Qf1 Kd6 38. Kg2 Qxf1 39. Kxf1 Ke5 40. Ke2 Kf4  0-1

[Event "Cannes Open A"]
[Site "Cannes France"]
[EventDate "2007.02.18"]
[Date "2007.02.19"]
[Round "2"]
[White "GALLUCCI, Alessio"]
[WhiteTitle "-"]
[WhiteElo "1910"]
[Black "MOUGIN, Loic"]
[BlackTitle "-"]
[BlackElo "1650"]
[Result "0-1"]
[Source "MonRoi"]

1. e4 e6 2. d4 d5 3. Nc3 Nf6 4. e5 Nfd7 5. f4 c5 6. Nf3 Nc6 7. Be3 Qb6 8. Qd2 c4 9. Nd1 Qc7 10. Be2 b5 11. O-O b4 12. c3 a5 13. Ng5 Ne7 14. f5 Nxf5 15. g4 Nh6 16. Nh3 Qd8 17. Bg5 f6 18. exf6 Nxf6 19. Rxf6 gxf6 20. Bxh6 Qe7 21. Bxf8 Rxf8 22. Ne3 Bb7 23. Bf3 O-O-O 24. Re1 Qd6 25. Qg2 Rg8 26. Nf2 h5 27. h3 hxg4 28. hxg4 Rde8 29. Nxc4 dxc4 30. Bxb7 Kb8 31. Bf3 e5 32. Ne4 Qe7 33. Ng3 Qd7 34. Bc6 Qxg4 35. Bxe8 Rxe8 36. Ne4 Qxg2 37. Kxg2 exd4 38. cxd4 f5 39. Kf3 fxe4 40. Rxe4 Rxe4 41. Kxe4 a4 42. d5 c3 43. bxc3 b3 44. axb3 a3  0-1

[Event "Cannes Open A"]
[Site "Cannes France"]
[EventDate "2007.02.18"]
[Date "2007.02.19"]
[Round "2"]
[White "GIRARD, Jean Pierre"]
[WhiteTitle "-"]
[WhiteElo "2028"]
[Black "SU, Gerard"]
[BlackTitle "-"]
[BlackElo "1290"]
[Result "1-0"]
[Source "MonRoi"]

1. e4 e6 2. d4 d5 3. Nd2 c5 4. Ngf3 Nc6 5. Bb5 Bd7 6. exd5 exd5 7. O-O Nf6 8. Re1 Be7 9. dxc5 O-O 10. Nb3 a6 11. Bf1 Re8 12. h3 b6 13. cxb6 Qxb6 14. Be3 Qb7 15. c3 Bd6 16. Qd2 Ne5 17. Nxe5 Bxe5 18. Nc5 Qc6 19. Nxd7 Qxd7 20. Rad1 a5 21. Bg5 Bc7 22. Bxf6 Qd6 23. g3 Qxf6 24. Qxd5 Bb6 25. Qg2 g6 26. Bb5 Rf8 27. a4 Qf5 28. Rd7 Qc2 29. Ree7 Qxb2 30. Rxf7 Rfd8 31. Rg7 Kh8 32. Rxh7 Kg8 33. Bc4 Kf8 34. Qf3 Ke8 35. Qf7  1-0

[Event "Cannes Open A"]
[Site "Cannes France"]
[EventDate "2007.02.18"]
[Date "2007.02.20"]
[Round "3"]
[White "PALAC, Mladen"]
[WhiteTitle "GM"]
[WhiteElo "2571"]
[Black "LECONTE, Maria"]
[BlackTitle "WGM"]
[BlackElo "2377"]
[Result "1-0"]
[Source "MonRoi"]

1. d4 Nf6 2. c4 e6 3. Nf3 d5 4. Nc3 Bb4 5. Bg5 h6 6. Bxf6 Qxf6 7. Qb3 c5 8. cxd5 exd5 9. a3 cxd4 10. axb4 dxc3 11. Qxc3 Nd7 12. e3 O-O 13. Qxf6 Nxf6 14. Nd4 Bd7 15. f3 a6 16. Kd2 Ne8 17. Bd3 Nd6 18. b3 Nb5 19. Bxb5 Bxb5 20. Rhc1 Rfd8 21. Nxb5 axb5 22. Kd3 Rxa1 23. Rxa1 b6 24. Ra6 Rd6 25. Ra8 Kh7 26. Ra7 Kg6 27. g4 f6 28. f4 h5 29. gxh5 Kh6 30. Re7 Kh7 31. Re8 g6 32. Re7 Kh6 33. hxg6 Kxg6 34. Kd4 Kf5 35. Rg7 Rd8 36. h4 Re8 37. Rg3 Rd8 38. h5 Rh8 39. Rh3 Kg4 40. Rh1 Rh6 41. Kxd5 Kf3 42. Ke6 Kg2 43. Rc1 Rxh5 44. Kxf6 Kf3 45. f5 Kxe3 46. Kg6 Rh3 47. Rc3  1-0

[Event "Cannes Open A"]
[Site "Cannes France"]
[EventDate "2007.02.18"]
[Date "2007.02.20"]
[Round "3"]
[White "HOMMELES, Theo"]
[WhiteTitle "FM"]
[WhiteElo "2375"]
[Black "CORNETTE, Matthieu"]
[BlackTitle "IM"]
[BlackElo "2482"]
[Result "1-0"]
[Source "MonRoi"]

1. e4 c5 2. Nf3 e6 3. d4 cxd4 4. Nxd4 Nc6 5. Nc3 Qc7 6. Be2 a6 7. O-O Nf6 8. Kh1 Nxd4 9. Qxd4 Bc5 10. Qd3 b5 11. f4 Bb7 12. Bf3 h5 13. e5 Ng4 14. Bxb7 Qxb7 15. Ne4 Rc8 16. Qf3 Qc6 17. b3 Nh6 18. Be3 Be7 19. c4 Nf5 20. Rac1 O-O 21. Bf2 d5 22. exd6 Nxd6 23. Nxd6 Bxd6 24. Qxc6 Rxc6 25. cxb5 Rxc1 26. Rxc1 axb5 27. Bc5 Bxf4 28. Bxf8 Bxc1 29. Bc5 Bd2 30. Kg1 b4 31. Kf2 f5 32. Ke2 Bc3 33. Kd3 e5 34. a4 e4 35. Kc4 Be5 36. a5 Bxh2 37. Kd5 Bb8 38. a6 g5 39. Kc6 f4 40. Kb7  1-0

[Event "Cannes Open A"]
[Site "Cannes France"]
[EventDate "2007.02.18"]
[Date "2007.02.20"]
[Round "3"]
[White "SANCHEZ, Joseph"]
[WhiteTitle "IM"]
[WhiteElo "2482"]
[Black "FOISOR, Sabina Francesca"]
[BlackTitle "WIM"]
[BlackElo "2342"]
[Result "1-0"]
[Source "MonRoi"]

1. e4 c5 2. Nf3 a6 3. c3 e6 4. d4 d5 5. e5 Bd7 6. dxc5 Bxc5 7. Bd3 Qb6 8. O-O Bb5 9. b4 Be7 10. Be3 Qc7 11. Bxb5 axb5 12. Qe2 Qc4 13. Qb2 Nd7 14. Na3 Qc6 15. Nd4 Qc8 16. Ndxb5 Nxe5 17. c4 Qb8 18. Bd4 Ng4 19. g3 Bf6 20. cxd5 Ne5 21. Qc3 Rxa3 22. Nxa3 Ne7 23. Rae1 Nf3 24. Qxf3 Bxd4 25. Nb5 Bf6 26. dxe6 O-O 27. exf7 Rxf7 28. Qb3 g6 29. Re6 Kg7 30. Nd6 Rf8 31. Rfe1 Kh6 32. Rxf6 Rxf6 33. Qe3 g5 34. h4 Rg6 35. Nf7 Kh5 36. Qe2 g4 37. Qb5  1-0

[Event "Cannes Open A"]
[Site "Cannes France"]
[EventDate "2007.02.18"]
[Date "2007.02.20"]
[Round "3"]
[White "MOGRANZINI, Roberto"]
[WhiteTitle "FM"]
[WhiteElo "2401"]
[Black "HRZICA, Rok"]
[BlackTitle "-"]
[BlackElo "2257"]
[Result "1-0"]
[Source "MonRoi"]

1. e4 c5 2. Nc3 g6 3. Nf3 Bg7 4. d4 cxd4 5. Nxd4 Nc6 6. Be3 d6 7. Qd2 Nf6 8. f3 Bd7 9. O-O-O O-O 10. g4 Qa5 11. Nb3 Qc7 12. g5 Nh5 13. Nd5 Qc8 14. Be2 Be6 15. f4 Bg4 16. Rhe1 Bxe2 17. Rxe2 e6 18. Nc3 Rd8 19. Kb1 Ne7 20. Nb5 d5 21. e5 Nf5 22. N3d4 Nxe3 23. Rxe3 Rd7 24. Rh3 a6 25. Nc3 b5 26. Nce2 h6 27. gxh6 Bxh6 28. Rg1 Kf8 29. Nxe6 Ke8 30. Rxh5  1-0

[Event "Cannes Open A"]
[Site "Cannes France"]
[EventDate "2007.02.18"]
[Date "2007.02.20"]
[Round "3"]
[White "PULITO, Alberto"]
[WhiteTitle "-"]
[WhiteElo "2239"]
[Black "FOISOR, Cristina Adela"]
[BlackTitle "IM"]
[BlackElo "2399"]
[Result "1/2-1/2"]
[Source "MonRoi"]

1. e4 c6 2. d4 g6 3. Nc3 d5 4. e5 f6 5. f4 Nh6 6. Nf3 Bg4 7. Be3 Qb6 8. Na4 Qa5 9. c3 Bxf3 10. gxf3 Nf5 11. Bd2 e6 12. b4 Qd8 13. Qe2 Nd7 14. Nb2 a5 15. b5 fxe5 16. fxe5 Qh4 17. Qf2 Qxf2 18. Kxf2 c5 19. Bh3 cxd4 20. Bxf5 gxf5 21. cxd4 Ba3 22. Nd3 Kf7 23. Bc1 Be7 24. Bd2 Nb6 25. Rhg1 Nc4 26. Bg5 Ba3 27. Bf6 Rhg8 28. Rg3 Nb2 29. Ke3 Nxd3 30. Kxd3 Rxg3 31. hxg3 Rc8 32. Bg5 Rc4 33. Rb1 Bb4 34. Rc1 Kg6 35. Bf4 Rxc1 36. Bxc1 h5 37. a4 Be1 38. Bf4 Bf2 39. Kc3 Bg1 40. Kd3 Bh2 41. Ke2 Bg1 42. Kd3 Bf2 43. Kc3 Be1 44. Kd3 Bb4 45. Ke2 Be7 46. Kd3 Bg5 47. Ke3 Bd8 48. Ke2 b6 49. Kf2 Be7 50. Ke2 Kf7 51. Kd3 Kg7 52. Ke2 Kg6 53. Kf2 Bg5 54. Ke3 Bh6 55. Kf2 Bf8 56. Ke2 Be7 57. Kf2 h4 58. gxh4 Bxh4 59. Kg2 Be1 60. Be3 Kh5 61. Bf4 Kh4 62. Be3 Bc3 63. Bf2 Kg5 64. Be3 Kh5 65. Kg3 Be1 66. Kg2 Kh4 67. Bf4 Bb4 68. Be3 Kh5 69. Kh3 Ba3 70. f4 Bb4 71. Kg3 Bc3 72. Kh3 Be1 73. Bg1 Bd2 74. Kg3 Bc1 75. Bf2 Bd2  1/2-1/2

[Event "Cannes Open A"]
[Site "Cannes France"]
[EventDate "2007.02.18"]
[Date "2007.02.20"]
[Round "3"]
[White "HESS, Robert"]
[WhiteTitle "FM"]
[WhiteElo "2394"]
[Black "RAVOT, Sylvain"]
[BlackTitle "-"]
[BlackElo "2218"]
[Result "1-0"]
[Source "MonRoi"]

1. e4 c5 2. Nc3 e6 3. g3 d5 4. exd5 exd5 5. Bg2 Nf6 6. d3 d4 7. Ne4 Nxe4 8. Bxe4 Nd7 9. Ne2 Nf6 10. Bg5 Qa5 11. Bd2 Qb6 12. Bg2 Be7 13. O-O O-O 14. Re1 Re8 15. Bg5 Bd7 16. Nf4 Bc6 17. Rxe7 Rxe7 18. Bxf6 gxf6 19. Qg4 Kh8 20. Nh5 Rg8 21. Qh4 Bxg2 22. Nxf6 Rg7 23. Nxh7 Rxh7 24. Qxe7 Qh6 25. Kxg2 Qxh2 26. Kf3 Qh5 27. Kf4 Qh6 28. Qg5 Qxg5 29. Kxg5 Rh2 30. Rf1 Kg7 31. g4 Rh3 32. Kf4 f6 33. Rb1 b5 34. b4 c4 35. Ke4 Rh4 36. dxc4 bxc4 37. Kxd4 Rxg4 38. Kc3 Rf4 39. b5 Kf7 40. Rb4 Rf3 41. Kxc4 Rxf2 42. Kb3 Rf3 43. c3 Rf5 44. a4 Ke6 45. Rc4 Kd7 46. Rc6  1-0

[Event "Cannes Open A"]
[Site "Cannes France"]
[EventDate "2007.02.18"]
[Date "2007.02.20"]
[Round "3"]
[White "MUFIC, Goran"]
[WhiteTitle "IM"]
[WhiteElo "2312"]
[Black "BOSIOCIC, Marin"]
[BlackTitle "IM"]
[BlackElo "2474"]
[Result "1/2-1/2"]
[Source "MonRoi"]

1. b3 b6 2. Bb2 Bb7 3. f4 Nf6 4. Nf3 e6 5. e3 Be7 6. Be2 O-O 7. O-O c5 8. c4 d6 9. Nc3 Ne4 10. Nxe4 Bxe4 11. d3 Bb7 12. Qe1 Bf6 13. Bxf6 Qxf6 14. Rc1 Nc6 15. Qc3 Qxc3 16. Rxc3 Ne7 17. Kf2 Rad8 18. Nd2 Rfe8 19. Bf3 Bxf3 20. Nxf3 Nc6 21. d4 cxd4 22. Nxd4 Nxd4 23. exd4 Kf8 24. Rfc1 Ke7 25. Ke3 Rd7 26. c5 dxc5 27. dxc5 bxc5 28. Rxc5 Rb8 29. Rc7 Rb7 30. Rxb7 Rxb7 31. g3 h5 32. h4 g6 33. Rc2 Kd6 34. Ke4 Rb4 35. Ke3 Rb7 36. Kd4 Rb4 37. Ke3 Rb7 38. Ke4 Rb4 39. Ke3 Rb7  1/2-1/2

[Event "Cannes Open A"]
[Site "Cannes France"]
[EventDate "2007.02.18"]
[Date "2007.02.20"]
[Round "3"]
[White "VILLENEUVE, Alain"]
[WhiteTitle "IM"]
[WhiteElo "2287"]
[Black "FELLER, Sebastien"]
[BlackTitle "FM"]
[BlackElo "2431"]
[Result "1/2-1/2"]
[Source "MonRoi"]

1. d4 d5 2. c4 e6 3. Nc3 c6 4. e3 Nf6 5. f4 c5 6. Nf3 Nc6 7. Be2 Be7 8. O-O O-O 9. b3 cxd4 10. exd4 dxc4 11. bxc4 Qa5 12. Bd2 Bb4 13. Qc2 Qd8 14. Be3 Bd7 15. a3 Bxc3 16. Qxc3 Rc8 17. Qd3 Ne7 18. Ne5 Bc6 19. Nxc6 bxc6 20. Rab1 Qd7 21. Rfd1 Rfd8 22. Bf2 Nf5 23. g4 Ne7 24. Bf3 h5 25. h3 Qc7 26. Qe3 Rb8 27. Qe5 Qc8 28. gxh5 Rxb1 29. Rxb1 Nf5 30. Kh2 Qa6 31. Rg1 Kh7 32. h6 Kxh6 33. Bh4 Nd7 34. Bg5 Kh7 35. Qc7 Qxa3 36. Be4 Rb8 37. Bxf5 exf5 38. Qxd7 Rb2 39. Rg2 Rxg2 40. Kxg2 Qb2 41. Kg3 Qc3  1/2-1/2

[Event "Cannes Open A"]
[Site "Cannes France"]
[EventDate "2007.02.18"]
[Date "2007.02.20"]
[Round "3"]
[White "WOHL, Aleksandar"]
[WhiteTitle "-"]
[WhiteElo "2425"]
[Black "ARANOVITCH, Emiliano"]
[BlackTitle "-"]
[BlackElo "2297"]
[Result "1/2-1/2"]
[Source "MonRoi"]

1. c4 e5 2. Nf3 e4 3. Nd4 Nf6 4. Nc3 Bc5 5. Nb3 Bb4 6. Qc2 Bxc3 7. Qxc3 O-O 8. e3 Re8 9. Be2 d5 10. c5 b6 11. O-O Ba6 12. Bxa6 Nxa6 13. c6 Qd6 14. Nd4 Ng4 15. f4 exf3 16. Nxf3 Nb4 17. b3 Nxc6 18. Ba3 Qh6  1/2-1/2

[Event "Cannes Open A"]
[Site "Cannes France"]
[EventDate "2007.02.18"]
[Date "2007.02.20"]
[Round "3"]
[White "CORDARA, Michele"]
[WhiteTitle "FM"]
[WhiteElo "2169"]
[Black "FOISOR, Ovidiu Doru"]
[BlackTitle "IM"]
[BlackElo "2418"]
[Result "1/2-1/2"]
[Source "MonRoi"]

1. Nf3 g6 2. g3 Bg7 3. d4 d6 4. c4 Nd7 5. Nc3 e5 6. Bg2 Ne7 7. O-O O-O 8. e4 exd4 9. Nxd4 a6 10. b3 Rb8 11. Be3 Ne5 12. h3 c5 13. Nde2 f5 14. f4 Nf7 15. e5 b6 16. exd6 Nxd6 17. Qc2 Bb7 18. Rad1 Bxg2 19. Kxg2 Qd7 20. Rd3 Qc6 21. Kh2 Rfe8 22. Rfd1 Nec8 23. Bg1 b5 24. Rd5 bxc4 25. Bxc5 cxb3 26. axb3 Nb5 27. Na4 Ne7 28. Rd7 Qe6 29. Qc4 Nc6 30. R1d2 Bf6 31. Nb6 Na5 32. Qxe6 Rxe6 33. b4 Nb3 34. Rc2 a5 35. Nd5 a4 36. Nxf6 Rxf6 37. Nc3 Rf7 38. Rxf7 Kxf7 39. Nxa4 Rd8 40. Re2 h5 41. Re7 Kf6 42. Rb7 Rd2 43. Kg1 N5d4 44. Bxd4 Nxd4 45. b5 Nf3 46. Kf1 Nh2 47. Ke1 Nf3 48. Kf1  1/2-1/2

[Event "Cannes Open A"]
[Site "Cannes France"]
[EventDate "2007.02.18"]
[Date "2007.02.20"]
[Round "3"]
[White "DUBREUIL, Julien"]
[WhiteTitle "-"]
[WhiteElo "2278"]
[Black "SARAVANAN, V"]
[BlackTitle "IM"]
[BlackElo "2374"]
[Result "1-0"]
[Source "MonRoi"]

1. d4 Nf6 2. Nf3 g6 3. c4 Bg7 4. g3 O-O 5. Bg2 c5 6. Nc3 Nc6 7. d5 Na5 8. Nd2 d6 9. O-O a6 10. Rb1 Rb8 11. b3 b5 12. Qc2 e5 13. e4 Bd7 14. Re1 Ne8 15. Qd3 f5 16. f3 Rf7 17. Nd1 h5 18. Nf2 f4 19. Bh3 Bxh3 20. Nxh3 fxg3 21. hxg3 Bh6 22. Kg2 Qf6 23. cxb5 axb5 24. b4 cxb4 25. Rxb4 Nc7 26. a4 Nb7 27. Qe2 bxa4 28. Nc4 Bxc1 29. Rxc1 Qd8 30. Rcb1 Na6 31. Rb6 Nbc5 32. Rxd6 Qxd6 33. Nxd6 Rxb1 34. Nxf7 a3 35. Qc4 Rb2 36. Nf2 Kxf7 37. d6 Ke8 38. Qc3 Rb3 39. Qxe5 Kd7 40. Qe7 Kc6 41. d7 a2 42. d8Q a1Q 43. Qee8 Kb7 44. Qd6 Ka7 45. Qf7 Rb7 46. Qfxg6 Rb1 47. Qf7 Nb7 48. Qd3 Rg1 49. Kh2 Nac5 50. Qdc4  1-0

[Event "Cannes Open A"]
[Site "Cannes France"]
[EventDate "2007.02.18"]
[Date "2007.02.20"]
[Round "3"]
[White "MIDOUX, Sebastien"]
[WhiteTitle "-"]
[WhiteElo "2358"]
[Black "WAGNER, Steven"]
[BlackTitle "-"]
[BlackElo "2083"]
[Result "1-0"]
[Source "MonRoi"]

1. e4 d5 2. Nc3 dxe4 3. Nxe4 Bf5 4. Ng3 Bg6 5. Bc4 h5 6. h4 e6 7. N1e2 Bd6 8. d4 Nc6 9. c3 Nce7 10. Nf4 Nf6 11. Qf3 c6 12. Nxg6 Nxg6 13. Bd3 Bxg3 14. Qxg3 Nf8 15. Bf4 Rg8 16. O-O-O Qa5 17. Kb1 O-O-O 18. Rhe1 N8d7 19. c4 c5 20. dxc5 Nxc5 21. Bc2 Nfe4 22. Qe3 Nf6 23. Qe5 Nfd7 24. Qxh5 e5 25. Bd2 Qa6 26. Qxf7 Rgf8 27. Qd5 Ne6 28. Be3 Nc7 29. Qe4 Rde8 30. Rd3 Nf6 31. Qf5 Kb8 32. Ra3 Qe6 33. Bxa7 Kc8 34. Rxe5 Nd7 35. Rxe6 Rxe6 36. Qxf8 Nxf8 37. Bf5 g6 38. Bxe6 Nfxe6 39. Bb6 Ne8 40. Rd3 N8g7 41. g4 Kb8 42. f4 Kc8 43. Rd6  1-0

[Event "Cannes Open A"]
[Site "Cannes France"]
[EventDate "2007.02.18"]
[Date "2007.02.20"]
[Round "3"]
[White "VERNAY, Clovis"]
[WhiteTitle "FM"]
[WhiteElo "2341"]
[Black "SAATDJIAN, Thomas"]
[BlackTitle "-"]
[BlackElo "2187"]
[Result "1-0"]
[Source "MonRoi"]

1. d4 Nf6 2. c4 c5 3. d5 e6 4. Nc3 exd5 5. cxd5 d6 6. e4 g6 7. f4 Bg7 8. Bb5 Nfd7 9. a4 O-O 10. Nf3 Na6 11. O-O Nb4 12. Re1 a6 13. Bf1 Re8 14. Be3 Nf6 15. Bf2 Bg4 16. Rc1 Nd7 17. h3 Bxf3 18. Qxf3 Rc8 19. b3 Bd4 20. Red1 Bxf2 21. Qxf2 Qf6 22. h4 h5 23. g3 Re7 24. Bh3 Rd8 25. e5 Qg7 26. Ne4 dxe5 27. d6 Re6 28. Bxe6 fxe6 29. Nxc5 Nf8 30. fxe5 Qxe5 31. Nxb7 Rd7 32. Rf1 Rxb7 33. Qxf8 Kh7 34. Rf7 Rf7  1-0

[Event "Cannes Open A"]
[Site "Cannes France"]
[EventDate "2007.02.18"]
[Date "2007.02.20"]
[Round "3"]
[White "PEPINO, Enrico"]
[WhiteTitle "-"]
[WhiteElo "2189"]
[Black "ZELCIC, Robert"]
[BlackTitle "GM"]
[BlackElo "2557"]
[Result "0-1"]
[Source "MonRoi"]

1. e4 Nf6 2. e5 Nd5 3. d4 d6 4. c4 Nb6 5. f4 dxe5 6. fxe5 Nc6 7. Be3 Bf5 8. Nc3 e6 9. Nf3 Bg4 10. Be2 Qd7 11. Qd2 O-O-O 12. Rd1 f6 13. exf6 Bxf3 14. gxf3 gxf6 15. O-O Bc5 16. d5 Qe7 17. Kh1 Bxe3 18. Qxe3 exd5 19. Qxe7 Nxe7 20. c5 Na8 21. f4 c6 22. Rde1 Ng6 23. Bg4 Kb8 24. Kg2 Rhg8 25. Kh3 Rde8 26. Be6 Rg7 27. f5 Ne5 28. Rg1 Rge7 29. Rg3 Nc7 30. Bg8 Na6 31. Na4 Nb4 32. Be6 Nbd3 33. Reg1 Nf4  0-1

[Event "Cannes Open A"]
[Site "Cannes France"]
[EventDate "2007.02.18"]
[Date "2007.02.20"]
[Round "3"]
[White "ARMAS, Julius"]
[WhiteTitle "IM"]
[WhiteElo "2397"]
[Black "MULLER, Anne"]
[BlackTitle "WIM"]
[BlackElo "2188"]
[Result "1-0"]
[Source "MonRoi"]

1. e4 c5 2. Nf3 d6 3. g3 Nc6 4. Bg2 Nf6 5. d3 g6 6. O-O Bg7 7. h3 O-O 8. Re1 e5 9. Be3 b6 10. Qd2 Re8 11. Bg5 Be6 12. Nc3 Qd7 13. Kh2 Nd4 14. Nxd4 cxd4 15. Nd5 Bxd5 16. exd5 Rac8 17. c4 dxc3 18. bxc3 b5 19. a4 bxa4 20. Ra3 Ra8  1-0

[Event "Cannes Open A"]
[Site "Cannes France"]
[EventDate "2007.02.18"]
[Date "2007.02.20"]
[Round "3"]
[White "PETROSIAN, Suren"]
[WhiteTitle "IM"]
[WhiteElo "2391"]
[Black "VINSOT, Robin Gael"]
[BlackTitle "-"]
[BlackElo "2165"]
[Result "1-0"]
[Source "MonRoi"]

1. e4 e5 2. Nf3 Nc6 3. d4 exd4 4. Nxd4 Bc5 5. Be3 Qf6 6. c3 Nge7 7. Bc4 d6 8. O-O Ne5 9. Be2 c6 10. f4 N5g6 11. b4 Bb6 12. Nd2 O-O 13. Kh1 d5 14. e5 Qh4 15. N2f3 Qh6 16. Qd2 Nf5 17. Nxf5 Bxf5 18. Nd4 Ne7 19. a4 Rfe8 20. Nxf5 Nxf5 21. Bxb6 Ng3 22. Kg1 Nxf1 23. Bxf1 axb6 24. Qd4 b5 25. a5 Qe6 26. Bd3 Ra6 27. Re1 f5 28. g4 g6 29. gxf5 gxf5 30. Re3 Kf7 31. Rh3 Rg8 32. Kf1  1-0